[Event "3rd Kolkata GM Open 2018"]
[Site "Kolkata"]
[Date "2018.05.15"]
[Round "2"]
[White "Short, Nigel D"]
[Black "Vaishali R"]
[Result "1-0"]
[WhiteElo "2656"]
[BlackElo "2316"]
[Annotator "TA"]
[PlyCount "41"]
[EventDate "2018.??.??"]
[EventType "swiss"]
[EventCountry "IND"]
[SourceTitle "playchess.com"]
[Source "ChessBase"]
[SourceQuality "1"]

{[%evp 17,41,13,12,23,102,108,105,117,93,100,108,99,117,33,75,16,15,21,141,161,164,141,320,317,324,324]} 1. d4 Nf6 2. Nf3 d5 3. c4 e6 4. Nc3 a6 5. cxd5 exd5 6. g3 Bd6 7. Bg2 O-O 8. O-O Re8 9. Bg5 c6 10. Re1 {A13: English Opening: 1...e6} h6 $146 (10... Nbd7 $11 {remains equal.}) ({Predecessor:} 10... Be7 11. Bxf6 Bxf6 12. e4 Be6 13. e5 Be7 14. Qc2 Nd7 15. Rad1 Rc8 16. h4 {½-½ (73) Leko,P (2737)-Zhigalko,S (2661) Kiev 2013}) 11. Bxf6 $1 $16 Qxf6 12. e4 {White is better.} dxe4 13. Nxe4 Qd8 {[#]} 14. Qb3 $1 Bf8 15. Rad1 ({White should try} 15. Ne5 $16 Qc7 16. Bf1) 15... Re7 16. Nc5 ({White should play} 16. Ne5 $16) 16... Rxe1+ $1 $11 17. Rxe1 {And now Ne5 would win.} b6 {[#]} (17... Bxc5 $1 $11 18. dxc5 Nd7) 18. Ne5 $1 $36 {[%mdl 2048] White has strong initiative.} Ra7 19. Bxc6 {Hoping for Bd5.} Qxd4 $2 {[#]} (19... bxc5 $16 {keeps fighting.} 20. Qxb8 Rc7) 20. Ncd7 $1 $18 {[%mdl 512]} Rxd7 21. Bxd7 {Precision: White = 42%, Black = 32%.} 1-0

[Event "3rd Kolkata GM Open 2018"]
[Site "Kolkata"]
[Date "2018.05.15"]
[Round "2"]
[White "Karthikeyan, Murali"]
[Black "Vantika Agrawal"]
[Result "0-1"]
[WhiteElo "2617"]
[BlackElo "2296"]
[Annotator "TA"]
[PlyCount "84"]
[EventDate "2018.??.??"]
[EventType "swiss"]
[EventCountry "IND"]
[SourceTitle "playchess.com"]
[Source "ChessBase"]
[SourceQuality "1"]

{[%evp 23,84,-26,-30,-25,-28,-28,0,-18,-18,-13,-9,-25,-27,-18,-16,-72,27,30,41,53,91,89,93,89,122,57,51,-6,92,93,93,91,91,16,107,82,87,55,65,58,58,43,81,74,88,85,86,75,78,-158,-161,-153,-153,-693,-690,-663,-671,-12840,-12840,-12841,-12841,-12841,-5902]} 1. Nf3 Nf6 2. g3 g6 3. Bg2 Bg7 4. O-O O-O 5. d4 d6 6. c4 Nc6 7. Nc3 Rb8 8. d5 Na5 9. Nd2 c5 10. a3 {E66: King's Indian: Fianchetto: 6...c5 7 0-0 Nc6 8 d5} (10. Qc2 a6 11. a4 e6 12. b3 exd5 13. cxd5 Ng4 14. h3 Nh6 15. Bb2 f5 16. e3 Nf7 17. Ne2 Bxb2 18. Qxb2 Ne5 19. Qc3 {1-0 (53) Korobov,A (2713)-Ding,L (2711) Antalya 2013}) 10... Qc7 11. Qc2 a6 12. Nd1 b5 {LiveBook: 4 Games} 13. cxb5 axb5 14. b4 {[#]} Nc4 $1 {[%mdl 512]} 15. Nxc4 bxc4 16. Rb1 cxb4 17. axb4 Bf5 $146 ({Predecessor:} 17... e6 18. Nc3 exd5 19. Nxd5 Nxd5 20. Bxd5 {½-½ (34) Csulits,A (2222)-Reichenbach,W (2347) Dresden 2006}) 18. e4 Bd7 19. Nc3 (19. Bb2 $11) 19... e6 (19... Ng4 $17) 20. dxe6 $11 fxe6 21. h3 Bc6 22. Be3 Nd7 23. Rfd1 Ne5 24. f4 ({White should try} 24. b5 $16) 24... Nd3 $14 25. Ne2 (25. b5 $14 Ba8 26. Ne2) 25... Nxb4 (25... Qd7 $11) 26. Qxc4 $16 d5 27. exd5 exd5 28. Qc1 (28. Qc5 $16 Rb5 29. Qc1) 28... Rfc8 (28... Qe7 $11) 29. Qd2 Qd6 30. Rdc1 {aiming for Bc5.} d4 31. Nxd4 Bxg2 32. Kxg2 Rxc1 33. Qxc1 {Strongly threatening Qc4+.} Qd5+ 34. Nf3 Bf8 35. Qd2 {Threatens to win with Qxd5+.} Qe4 36. Rc1 $2 {[#]} (36. Re1 $16 {keeps the pressure on. Ba7 is the strong threat.} Nc2 37. Re2 Nxe3+ 38. Rxe3) 36... Ra8 $1 $17 {[%cal Ra8a2]} 37. Bf2 Ra2 38. Qc3 $2 {[#]} (38. Qd4 $17 Qxd4 39. Nxd4 Rxf2+ 40. Kxf2 Nd3+ 41. Ke3 Nxc1 42. Kd2) 38... Rxf2+ $1 $19 {[%mdl 512] Black is clearly winning.} 39. Kxf2 {Hoping for Rd1.} Nd3+ 40. Kg2 {Black must now prevent Qc4+.} Qe2+ 41. Kh1 Qxf3+ 42. Kh2 Qe2+ {Precision: White = 40%, Black = 47%.} (42... Qf2+ $142 43. Kh1 Qxg3 44. Qc4+ Kg7 45. Qd4+ Kh6) 0-1

[Event "3rd Kolkata GM Open 2018"]
[Site "Kolkata"]
[Date "2018.05.15"]
[Round "2"]
[White "Aravindh, Chithambaram VR."]
[Black "Saurabh Anand"]
[Result "1-0"]
[WhiteElo "2597"]
[BlackElo "2294"]
[Annotator "TA"]
[PlyCount "129"]
[EventDate "2018.??.??"]
[EventType "swiss"]
[EventCountry "IND"]
[SourceTitle "playchess.com"]
[Source "ChessBase"]
[SourceQuality "1"]

{[%evp 16,128,25,17,44,21,19,10,25,2,23,3,11,-15,-7,-15,-6,-4,0,0,0,0,17,14,25,8,77,66,66,71,76,78,71,79,80,77,72,68,91,86,93,69,79,70,98,93,107,104,109,100,102,104,105,92,96,99,97,98,101,80,93,83,120,120,120,117,120,124,156,156,156,155,158,158,189,163,1391,1303,4169,2772,1016,1008,12836,12836,29979,29980,29981,29982,29982,29983,29983,29984,29983,29984,29984,29986,29985,29987,29987,29988,29988,29988,29988,29989,29989,29990,29990,29991,29991,29992,29995,29996,29998,29999,29999]} 1. c4 e6 2. Nc3 d5 3. d4 Be7 4. cxd5 exd5 5. Bf4 c6 6. Qc2 g6 7. e3 Bf5 8. Qd2 Nf6 9. Nge2 {LiveBook: 4 Games. D31: Queen's Gambit Declined: Semi-Slav without ...Nf6 (+ Marshall Gambit and Noteboom) and Exchange Variation lines without ...Nf6} O-O (9... h5 10. Ng3 Be6 11. Bd3 h4 12. Nge2 Bd6 13. f3 Nh5 14. Bxd6 Qxd6 15. g4 hxg3 16. hxg3 Rg8 {1-0 (40) Bernadskiy,V (2584)-Basso,P (2459) Ordu 2018}) 10. h3 $146 ({Predecessor:} 10. Ng3 Be6 11. Bd3 Nbd7 12. O-O h5 13. Bg5 Nh7 14. Bxe7 Qxe7 15. Nge2 Rae8 16. a3 h4 {1-0 (41) Rohan,A (2389)-Senthil,M (2201) Abu Dhabi 2015}) 10... Nbd7 11. Ng3 {The position is equal.} Be6 12. Bd3 Re8 13. Nge2 Nb6 14. Qc2 Rc8 15. O-O Nh5 16. Bh2 Bd6 17. Bxd6 Qxd6 18. a4 {[%cal Ba2a4,Ba4a5][%mdl 32]} Ng7 19. a5 $36 {[%mdl 2048] White fights for an advantage.} Nd7 {[%cal Bb6d7,Bd7c5,Bc5d3][%mdl 32]} 20. Qb3 c5 (20... Rb8 $11) 21. dxc5 $16 ({Don't play} 21. Qxb7 $6 c4 $15) 21... Nxc5 22. Qb4 Red8 23. Rfd1 Nxd3 24. Qxd6 Rxd6 25. Rxd3 Nf5 26. Nf4 g5 27. Nfxd5 {Strongly threatening e4.} Kg7 28. Rad1 {And now Ne4 would win.} Rcd8 29. Nb4 Bb3 30. R1d2 Bc4 31. Rxd6 Rxd6 32. Ne4 Rxd2 33. Nxd2 {[%mdl 4096] Endgame KBN-KNN} Nd6 34. f3 Kf6 35. Kf2 ({Of course not} 35. Nxc4 $6 Nxc4 36. Kf2 Nxb2 $11) 35... Ke5 36. g3 {[%cal Bg2g3,Bg3g4][%mdl 32]} f5 37. g4 Bb5 38. Na2 Nc4 39. Nxc4+ Bxc4 {KB-KN} 40. Nc3 f4 41. Ne4 fxe3+ 42. Kxe3 h6 43. Ng3 Be6 44. Ne2 b6 45. Nd4 bxa5 $2 (45... Bd7) 46. Nxe6 $18 Kxe6 {KP-KP} 47. b3 Ke5 {[#]} 48. f4+ $1 {[%mdl 512]} gxf4+ 49. Kf3 Kd4 50. Kxf4 {K3P-K3P. White mates.} Kc3 51. h4 Kxb3 52. g5 hxg5+ 53. hxg5 {KPP-KP} a4 54. g6 a3 55. g7 a2 56. g8=Q+ Kb2 57. Qg2+ Kb1 58. Qf1+ Kb2 59. Qe2+ Kb1 60. Qe1+ Kb2 61. Qb4+ Kc2 62. Qa3 Kb1 63. Qb3+ Ka1 64. Qc2 {[%cal Rc2c1]} a6 65. Qc1# {Precision: White = 67%, Black = 42%.} 1-0

[Event "3rd Kolkata GM Open 2018"]
[Site "Kolkata"]
[Date "2018.05.15"]
[Round "2"]
[White "Sandipan, Chanda"]
[Black "Gajwa Ankit"]
[Result "1-0"]
[WhiteElo "2573"]
[BlackElo "2290"]
[Annotator "TA"]
[PlyCount "63"]
[EventDate "2018.??.??"]
[EventType "swiss"]
[EventCountry "IND"]
[SourceTitle "playchess.com"]
[Source "ChessBase"]
[SourceQuality "1"]

{[%evp 22,63,89,75,99,56,60,51,98,86,91,96,96,86,180,192,200,195,193,190,154,139,1082,1026,1019,1018,1018,1018,1095,1097,1239,1130,1108,1108,1100,1089,1066,1059,1047,962,1807,1797,1777,1769]} 1. d4 Nf6 2. c4 g6 3. Nc3 Bg7 4. e4 d6 5. Be2 O-O 6. Bg5 Na6 7. Nf3 h6 8. Be3 {E91: King's Indian: Classical: 6 Be2, unusual replies including 6...c5 and 6...Bg4} e5 9. O-O Ng4 10. Bc1 c6 11. d5 f5 12. g3 {LiveBook: 3 Games} cxd5 13. cxd5 {[#]} Nf6 $146 ({Predecessor:} 13... fxe4 14. Nh4 Nf6 15. Nxg6 Rf7 {1-0 (37) Roiz,M (2617)-Gallagher,J (2507) Legnica 2013}) 14. Nh4 Kh7 15. exf5 $1 gxf5 16. Be3 Kg8 17. f4 {Black must now prevent fxe5.} exf4 (17... e4 $16) 18. Rxf4 $18 Ng4 19. Bxg4 fxg4 {[#]} 20. Rxf8+ $1 Qxf8 {[#]} 21. Qd2 $1 $36 {[%mdl 2048] White is in control.} h5 $2 {[%mdl 8192]} (21... Bd7 $16 22. Rf1 Qe7 23. Bxh6 Rf8) 22. Rf1 {White is clearly winning.} Qe7 23. Bg5 Qe5 24. Rf4 Nc5 25. Ng6 Qe8 26. Ne7+ Kh8 {[#]} 27. Rf8+ $1 {[%mdl 512]} Qxf8 28. Ng6+ Kg8 29. Nxf8 Bxf8 30. Bh6 {Intending Qg5+ and mate.} Be7 31. Qc2 {White wants to mate with Qg6+.} Kf7 32. Nb5 {Precision: White = 96%, Black = 33%.} 1-0

[Event "3rd Kolkata GM Open 2018"]
[Site "Kolkata"]
[Date "2018.05.15"]
[Round "2"]
[White "Tukhaev, Adam"]
[Black "Sai Vishwesh.C"]
[Result "1/2-1/2"]
[WhiteElo "2551"]
[BlackElo "2288"]
[Annotator "TA"]
[PlyCount "95"]
[EventDate "2018.??.??"]
[EventType "swiss"]
[EventCountry "IND"]
[SourceTitle "playchess.com"]
[Source "ChessBase"]
[SourceQuality "1"]

{[%evp 18,95,43,39,72,78,88,81,177,70,64,53,58,29,29,29,29,37,41,33,39,32,50,33,80,73,112,64,204,94,75,68,339,143,166,0,23,0,0,0,0,0,0,0,0,0,0,0,0,0,0,-5,0,0,0,0,0,0,0,0,0,0,0,0,0,0,0,0,0,0,0,0,0,0,0,0,0,0,0,-6]} 1. Nf3 c5 2. c4 Nf6 3. Nc3 Nc6 4. g3 g6 5. Bg2 Bg7 6. O-O O-O 7. d4 cxd4 8. Nxd4 Ng4 9. e3 d6 10. b3 {LiveBook: 270 Games. A39: Symmetrical English vs ...g6: 4 Bg2 Bg7 5 Nf3 Nf6 6 0-0 0-0 7 d4} (10. h3 Nge5 11. b3 a6 12. Nde2 Rb8 13. Bb2 Nd7 14. Qd2 Nc5 15. Rfd1 Bd7 16. Nd5 Bxb2 17. Qxb2 b5 18. cxb5 Rxb5 19. Rac1 Nb4 20. Nxb4 Rxb4 {1-0 (36) Efimenko,Z (2695)-Ovsejevitsch,S (2572) Mukachevo 2012}) 10... Qa5 11. Nd5 $146 {Hoping for Nxc6.} ({Predecessor:} 11. Bb2 Qh5 12. h3 Nge5 13. Qxh5 gxh5 14. Nd5 Kh8 15. f4 Ng6 16. Nc7 Rb8 17. Nxc6 bxc6 18. Bxg7+ Kxg7 19. Bxc6 Bxh3 {0-1 (39) Toth,S (2150)-Szieberth,A (2341) Hungary 2012}) 11... Nge5 12. Bb2 {White is better.} Be6 (12... Qd8 $16 {might work better.}) 13. Nxc6 (13. Bc3 $18 Qd8 14. Nxe6 fxe6 15. Nf4) 13... Nxc6 $14 14. Bxg7 Kxg7 15. Qe2 Bxd5 16. Bxd5 Qc5 17. Rfd1 a5 18. Rab1 Qa3 19. h4 {[%cal Bh2h4,Bh4h5][%mdl 32]} Nb4 20. Rd2 Rab8 21. h5 Rfc8 22. Kg2 Rc5 {[#]} (22... a4 $14) 23. Rh1 (23. e4 $1 $18 {and the rest is easy.}) 23... Nxd5 $16 24. cxd5 a4 $2 {[%mdl 8192]} (24... Rc1 $14) 25. Qg4 (25. Rd4 $18 {and White stays clearly on top.} axb3 26. hxg6 fxg6 27. Qg4) 25... axb3 26. Qh4 $2 (26. hxg6 $18 hxg6 27. Qd4+ f6 28. Qe4) 26... Rc1 27. h6+ Kf8 {The position is equal.} 28. Qd4 {[%cal Rd4h8] [#]} f6 29. Rxc1 Qxc1 30. axb3 $11 {[%mdl 4096] Endgame KQR-KQR} Ra8 31. Rd1 Qc2 32. Rd2 Qc1 {...Ra1 is the strong threat.} 33. Rd1 Qc2 34. Rd2 Qxb3 35. Rb2 Qa4 36. Qxa4 Rxa4 37. Rxb7 {Black should prevent Rb8+. KR-KR} g5 38. f4 gxf4 39. gxf4 Kf7 40. Kf3 Ra1 41. e4 Rh1 42. f5 Rxh6 43. Rb8 Rh3+ 44. Kg4 Re3 45. Kf4 Ra3 46. Rh8 Kg7 47. Re8 Ra7 48. Kg4 {Precision: White = 51%, Black = 30%.} 1/2-1/2

[Event "3rd Kolkata GM Open 2018"]
[Site "Kolkata"]
[Date "2018.05.15"]
[Round "2"]
[White "Burmakin, Vladimir"]
[Black "Vatsal Singhania"]
[Result "1-0"]
[WhiteElo "2528"]
[BlackElo "2283"]
[Annotator "TA"]
[PlyCount "63"]
[EventDate "2018.??.??"]
[EventType "swiss"]
[EventCountry "IND"]
[SourceTitle "playchess.com"]
[Source "ChessBase"]
[SourceQuality "1"]

{[%evp 23,63,6,17,21,14,-13,0,0,0,0,22,20,17,14,18,26,28,16,21,0,0,0,12,14,9,18,85,77,85,100,258,254,354,348,547,471,462,463,476,268,504,307]} 1. Nf3 d5 2. g3 Nf6 3. Bg2 e6 4. c4 Be7 5. O-O O-O 6. d4 dxc4 7. Qc2 a6 8. a4 Bd7 9. Rd1 {E05: Open Catalan: 5 Nf3 Be7} Bc6 10. Bg5 a5 11. Nbd2 Na6 12. Nxc4 Nb4 {LiveBook: 6 Games} 13. Qc1 {[#]} Bd5 $146 ({Predecessor:} 13... h6 14. Bxf6 Bxf6 15. Nfe5 Bd5 16. Qc3 b6 {½-½ (36) Dubov,D (2666)-Aronian,L (2799) Tbilisi 2017}) 14. Ne1 {[%cal Bf3e1,Be1c2,Bc2e3,Be3d5][%mdl 32]} b6 15. b3 Rc8 16. Qb2 Ne4 17. Bxe7 Qxe7 18. Rac1 Rfd8 19. Nc2 Nf6 20. N2e3 h6 21. Nxd5 exd5 22. Ne5 c5 23. Nd3 cxd4 24. Qxd4 Qxe2 (24... Na2 $11 {keeps the balance.} 25. Rxc8 Rxc8) 25. Nxb4 $16 axb4 26. Qxb6 d4 $2 {[#]} (26... Rb8 $16 {is a better defense.} 27. Qc7 Qe6) 27. Bf1 $18 Qf3 28. Rd3 ({Less strong is} 28. Rxd4 Rxc1 29. Qxd8+ (29. Rxd8+ Kh7 $14) 29... Kh7 $16) 28... Qh5 (28... Qf5 $142 29. Rxc8 (29. Rxd4 Rxc1 30. Qxd8+ Kh7 $18) 29... Rxc8 30. Rxd4 (30. Qxd4 Ng4 $16) 30... Nd7) 29. Rxc8 Rxc8 30. Rxd4 Rc1 {[#] White must now prevent ...Qe2.} 31. Qb5 (31. Kg2 $142 Ng4 32. h3 Rxf1 33. Kxf1 Qxh3+ 34. Ke2) 31... Qh3 $2 (31... Qxb5 32. axb5 Rc8 33. Rxb4 Nd5) 32. Qe2 {Precision: White = 74%, Black = 32%.} 1-0

[Event "3rd Kolkata GM Open 2018"]
[Site "Kolkata"]
[Date "2018.05.15"]
[Round "2"]
[White "Shyam, Sundar M."]
[Black "Navalgund, Niranjan"]
[Result "1-0"]
[WhiteElo "2518"]
[BlackElo "2281"]
[Annotator "TA"]
[PlyCount "95"]
[EventDate "2018.??.??"]
[EventType "swiss"]
[EventCountry "IND"]
[SourceTitle "playchess.com"]
[Source "ChessBase"]
[SourceQuality "1"]

{[%evp 30,95,0,0,0,8,8,0,67,87,94,87,135,129,306,310,325,318,304,304,304,313,322,335,404,397,377,370,406,393,493,495,485,501,493,479,752,757,706,621,867,520,504,419,506,504,467,463,452,451,522,518,640,445,736,650,4982,5081,2438,1894,1614,1448,29972,29971,29974,29975,29973,29960]} 1. e4 e5 2. Nf3 Nc6 3. Bb5 {[%cal Bf1b5,Bb5a4,Ba4b3][%mdl 32]} a6 4. Ba4 Nf6 5. O-O Be7 6. Re1 b5 7. Bb3 d6 8. c3 O-O 9. h3 Nb8 10. d4 Nbd7 11. c4 c6 12. Nc3 b4 {C95: Closed Ruy Lopez: Breyer Variation with 10 d4} 13. Ne2 Nxe4 14. Qc2 f5 15. c5+ d5 16. Be3 {LiveBook: 6 Games} Kh8 17. Nxe5 Nxe5 18. dxe5 {[#]} f4 $146 ({Black should play} 18... Bh4 $1 $11) ({Predecessor:} 18... Bh4 19. g3 Bg5 20. Bxg5 Qxg5 {1-0 (46) Grandelius,N (2652)-Amin,B (2700) Sharjah 2018}) 19. Nxf4 $14 Bf5 20. g4 Bc8 21. Rad1 $36 {[%cal Rf4d5][%mdl 2048] [#] aiming for Nxd5! White has strong initiative.} Rxf4 $2 (21... Ng5 $16) 22. Bxf4 $18 {And now Rxe4 would win.} Nxc5 23. Be3 Qf8 24. Rc1 Nxb3 25. axb3 ({Weaker is} 25. Qxb3 Bb7 $16) 25... Bd7 26. Bc5 h5 27. e6 Be8 28. Re5 Bxc5 29. Qxc5 Qf6 30. Qe3 Kg8 31. e7 hxg4 32. hxg4 Qh4 (32... Qg6 $142 33. Qd4 Bd7 34. Rxd5 cxd5) 33. Rg5 Qh6 34. Rf5 Bd7 {If only Black now had time for ...Qxe3....} 35. Qxh6 gxh6 {[%mdl 4096] Endgame KRR-KRB} 36. Rf6 Re8 37. Re1 Kg7 38. Rd6 Bxg4 39. Rxc6 Kf7 40. Rxh6 Bf5 41. Re5 Be4 (41... Bg6 $142 42. Rxd5 Rxe7) 42. Kf1 Rxe7 43. Rxe7+ Kxe7 {KR-KB} 44. Ke2 Bc2 45. Rxa6 Bxb3 46. Rb6 {White mates.} Bc4+ 47. Ke3 b3 48. Kd4 {Precision: White = 96%, Black = 40%.} 1-0

[Event "3rd Kolkata GM Open 2018"]
[Site "Kolkata"]
[Date "2018.05.15"]
[Round "2"]
[White "Tran, Tuan Minh"]
[Black "Neelash Saha"]
[Result "1-0"]
[WhiteElo "2512"]
[BlackElo "2280"]
[Annotator "TA"]
[PlyCount "167"]
[EventDate "2018.??.??"]
[EventType "swiss"]
[EventCountry "IND"]
[SourceTitle "playchess.com"]
[Source "ChessBase"]
[SourceQuality "1"]

{[%evp 12,167,29,27,27,16,43,20,47,28,31,18,30,29,25,10,19,0,12,1,14,0,14,14,11,18,18,18,29,19,17,23,14,19,45,0,22,0,10,2,9,26,138,0,0,0,0,0,0,0,0,0,0,0,8,2,8,8,12,12,22,21,14,18,18,0,0,0,0,0,0,0,0,0,0,0,0,0,0,0,11,0,0,0,8,0,8,8,8,8,28,24,24,29,26,0,0,0,29,13,46,47,57,57,57,57,69,64,68,68,68,68,75,65,65,65,67,0,46,0,65,47,50,59,76,69,107,93,306,302,279,253,400,389,761,755,751,743,754,740,731,724,12056,12036,29941,11482,29975,29969,29985,29986,29986,29985,29986,29987,29988,29989,29997,29990]} 1. c4 e6 2. d4 d5 3. Nf3 Nf6 4. Nc3 Bb4 5. cxd5 exd5 6. Bf4 {D38: Queen's Gambit Declined: Ragozin Defence (4 Nf3 Bb4)} c6 (6... Ne4 7. Qa4+ Nc6 8. Rc1 O-O 9. g3 g5 10. Be3 f5 11. Bg2 f4 12. gxf4 Bxc3+ 13. bxc3 gxf4 {0-1 (21) Svidler,P (2768)-Mamedyarov,S (2804) Wijk aan Zee 2018}) 7. e3 {LiveBook: 7 Games} Ne4 8. Rc1 {White has an edge.} Qa5 {[%cal Re4c3]} 9. Qb3 Bd6 $146 ({Predecessor:} 9... O-O 10. a3 Bd6 11. Bxd6 Nxd6 12. Bd3 Nd7 {0-1 (34) Behnke,M-Bieringer,K Bad Wiessee 1997}) 10. Bxd6 (10. Bd3 {seems wilder.} Bxf4 11. exf4 O-O 12. O-O Nd6 13. Rfe1) 10... Nxd6 11. Bd3 O-O 12. O-O Nd7 13. a3 Qd8 14. Na4 Qe7 15. Rfe1 Nf6 16. Nc5 Rb8 17. Ne5 Bf5 18. Bxf5 Nxf5 19. f3 Rfd8 20. Qd3 Nd6 21. b4 Rbc8 22. a4 g6 23. e4 Qf8 24. Qe3 dxe4 25. fxe4 b6 26. Ncd3 Qe8 {[#]} (26... Nfxe4 $11 27. Nxc6 Re8) 27. Qf3 ({White has to play} 27. Nf2 $1 $16) 27... Nfxe4 $1 $11 28. Rxe4 Nxe4 29. Qxe4 f6 30. Ng4 Qxe4 31. Nxf6+ Kg7 (31... Kf7 {is more complex.} 32. Nxe4 Rxd4 33. Nef2 Ke6 34. g3 Kd6) 32. Nxe4 {Strongly threatening Ng5.} Rxd4 33. Nef2 Re8 34. g3 Re6 35. Kg2 Red6 36. Rc3 g5 37. Kf3 Re6 38. Ng4 h5 39. Nge5 Kf6 40. Nc4 Rde4 41. Rc2 Rd4 42. Rc3 Rde4 43. Rc2 Rd4 44. Ncb2 Rde4 45. a5 Rd4 46. Rc3 Rde4 47. Rc2 Rd4 48. h3 Rd5 49. g4 hxg4+ 50. hxg4 bxa5 51. Nc5 Re1 52. bxa5 Rf1+ 53. Kg3 Rg1+ 54. Kf3 Rf1+ 55. Ke3 Re5+ 56. Ne4+ Ke7 {Threatens to win with ...Re1+.} 57. Nd3 Rxa5 58. Rxc6 Rg1 59. Kf3 {Ndc5 is the strong threat.} Kf7 60. Nd6+ Kf8 61. Rc8+ Ke7 62. Nf5+ Kd7 63. Rc3 Ke8 64. Rc8+ Kd7 65. Rc3 Ke8 $1 66. Nf2 Ra4 67. Nd6+ Kd7 68. Nde4 {And now Nc5+ would win.} Ra5 69. Nh3 Rga1 $2 {[#]} (69... Rf1+ $16 70. Kg3 Raa1) 70. Nc5+ $1 $18 ({Not} 70. Nexg5 R1a3 $11) (70. Nhxg5 R5a3 $14) 70... Ke7 71. Nb3 ({Stronger than} 71. Nxg5 R1a3 $11) 71... Rf1+ (71... R1a3 {was worth a try.} 72. Re3+ Kd6 73. Nxa5 Rxa5) 72. Kg2 Ra4 $2 (72... Raa1 73. Nxa1 Rxa1 74. Nxg5 a5) 73. Kxf1 Rxg4 74. Kf2 Kf6 75. Rc6+ Kf5 76. Rc5+ Kf6 77. Nd2 a5 78. Rxa5 (78. Nxg5 $142 Ra4 79. Nde4+ Kg6 80. Ke3 Ra3+ 81. Kf4 Ra1 82. Rc6+ Kg7 83. Ne6+ Kg6 84. N6g5+ Kg7 85. Ng3) 78... Kg6 79. Nf3 {White mates.} Kh5 80. Nhxg5 Kh6 81. Ra6+ Kg7 82. Ke3 Rb4 83. Nd4 Rb7 84. Nde6+ {Precision: White = 60%, Black = 42%.} 1-0

[Event "3rd Kolkata GM Open 2018"]
[Site "Kolkata"]
[Date "2018.05.15"]
[Round "2"]
[White "Erigaisi Arjun"]
[Black "Tiwari, Arjun"]
[Result "1-0"]
[WhiteElo "2488"]
[BlackElo "2276"]
[Annotator "TA"]
[PlyCount "63"]
[EventDate "2018.??.??"]
[EventType "swiss"]
[EventCountry "IND"]
[SourceTitle "playchess.com"]
[Source "ChessBase"]
[SourceQuality "1"]

{[%evp 9,63,48,64,47,65,54,55,14,83,52,116,116,131,110,152,110,202,208,223,223,222,212,262,260,256,218,273,265,262,193,311,284,331,306,407,355,400,339,513,509,508,508,701,693,652,477,471,443,671,688,932,907,6241,6211,6216,6183]} 1. d4 g6 2. e4 Bg7 3. Nf3 c6 4. Bd3 d5 5. e5 c5 {LiveBook: 4 Games} 6. dxc5 {B06: Modern Defence} Nc6 7. Bb5 Bg4 8. Bf4 {White is slightly better.} Nh6 $146 (8... Qa5+ $11 9. Nc3 a6 10. Bxc6+ bxc6) ({Predecessor:} 8... Qa5+ 9. Nc3 a6 10. Bxc6+ bxc6 11. h3 Bxf3 12. Qxf3 Qxc5 13. O-O {1-0 (39) Ju,W (2558)-Stefanova,A (2509) Huaian 2016}) 9. Nc3 O-O (9... e6 $14) 10. Qxd5 $16 Bxf3 11. Qxf3 Nxe5 12. Qe4 Neg4 {[#]} (12... Nc6 $16 {was called for.}) 13. O-O $1 $18 ({Don't do} 13. Qxb7 $6 Qd4 $14) 13... e5 14. Bxh6 Nxh6 15. Qxb7 Nf5 16. Bc4 Nd4 17. Bb3 Kh8 {[#]} 18. Ne4 $1 Rb8 19. Qxa7 {Threatens to win with Nd6.} Qh4 (19... Ra8 {was worth a try.} 20. Qb6 Qxb6 21. cxb6 Rab8) 20. Nd6 e4 21. Nxf7+ Rxf7 22. Qxb8+ (22. Bxf7 $2 {too greedy.} Be5 $19) 22... Rf8 23. Qd6 Rf5 (23... Rd8 $142 24. Qc7 Re8) 24. Kh1 {White is clearly winning.} Be5 {[%csl Ge5][%cal Rh4h2]} 25. g3 Qh3 26. Qd8+ Kg7 {( -> ...Nf3)} 27. Qh4 Qxh4 28. gxh4 Rf3 (28... Rf4 $142 29. c3 Nf3) 29. Rae1 Rh3 30. f4 {[%cal Bf2f4,Bf4e5][%mdl 32]} Nf3 31. Rxf3 exf3 32. fxe5 {Precision: White = 82%, Black = 34%.} 1-0

[Event "3rd Kolkata GM Open 2018"]
[Site "Kolkata"]
[Date "2018.05.15"]
[Round "2"]
[White "Harsha Bharathakoti"]
[Black "Dixit, Nikhil"]
[Result "0-1"]
[WhiteElo "2463"]
[BlackElo "2271"]
[Annotator "TA"]
[PlyCount "64"]
[EventDate "2018.??.??"]
[EventType "swiss"]
[EventCountry "IND"]
[SourceTitle "playchess.com"]
[Source "ChessBase"]
[SourceQuality "1"]

{[%evp 22,64,71,48,88,87,76,94,101,106,151,144,135,142,139,135,173,1,15,0,0,4,45,0,0,0,0,0,0,-146,-142,-256,-268,-208,-237,-227,-236,-243,-227,-29988,-29987,-29989,-29990,-29995,-29996]} 1. d4 Nf6 2. c4 g6 3. g3 Bg7 4. Bg2 O-O 5. Nc3 d6 6. Nf3 {[%cal Bg1f3,Bf3d4,Bd4e2][%mdl 32]} Nbd7 7. O-O a6 8. e4 e5 9. Qc2 exd4 10. Nxd4 Ne5 11. b3 c5 12. Nde2 $1 {LiveBook: 14 Games} Bd7 $146 {E68: King's Indian: Fianchetto: 6...Nbd7 7 0-0 e5 8 e4} ({Predecessor:} 12... Rb8 13. a4 Re8 14. h3 b6 15. Bg5 h6 16. Be3 h5 17. Rad1 Qc7 18. Rd2 Bb7 19. Rfd1 Bf8 20. Nf4 {½-½ (50) Epishin,V (2635)-Polgar,J (2630) Madrid 1995}) 13. Bb2 b5 14. f4 Nc6 {White is better.} 15. Rad1 Nd4 16. Nxd4 cxd4 17. Rxd4 Qb6 18. Qd2 b4 19. Ne2 $2 (19. Nd1 $1 $18) 19... Rae8 $1 $11 20. c5 Qxc5 {White must now prevent ...Nxe4.} 21. Kh1 Qh5 {aiming for ...Bc6.} 22. Ng1 (22. f5 $5) 22... Bc6 $1 {[%cal Rf6e4]} 23. e5 Bxg2+ 24. Qxg2 Ng4 $40 {[%mdl 128] Strongly threatening ...Ne3. Black has some attack.} 25. Qh3 (25. Qe2 $11 {remains equal.}) 25... Qf5 $1 $17 ({Of course not} 25... dxe5 $6 26. Qxh5 gxh5 27. Rxb4 $11) 26. Rxd6 (26. Rd2 $17) 26... Rd8 $1 $19 {[%cal Rd8d6]} 27. Rxd8 Rxd8 28. Bc1 {[#] White wants to play Qg2.} Rc8 $1 {[%cal Rc8c2]} 29. Qg2 Rc2 30. Qa8+ $2 {[#]} (30. Ne2 $19 Qd3 31. Re1) 30... Bf8 $1 {[%csl Gg4][%cal Rc2h2] Black mates.} 31. Nf3 {[#]} Nxh2 $1 {[%mdl 512]} 32. Nd4 (32. Nxh2 Qh3) 32... Qh3 {Precision: White = 35%, Black = 68%.} 0-1